000 00651nam a22002177a 4500
003 DO-SdBNP
005 20221115100229.0
007 ta
008 221115b2006 dr a|||| |||| 00| 0 spa d
020 _a9789875645806
040 _aDO-SdBNP
_bspa
_cBNPHU
082 4 _222
100 1 _aMartínez Céspedes, Rafael
_982825
245 1 0 _aSantiago en el corazón /
_cRafael Martínez Céspedes
260 _aBuenos Aires, Argentina :
_bDe los cuatro vientos,
_c2006.
300 _a198 p. :
_bil. ;
_c23 cm.
500 _aIncluye datos biográficos del autor en las solapas
590 _aInventariado, 2022/BT
910 _aBtavárez
942 _2ddc
_cLBS1
999 _c52933
_d52933